Mastering iOS Development - Location Services /

In this Mastering iOS Development - Location Services training course, expert author Keith Welch demonstrates and explains how to work with iOS 8 location services for the iPhone and iPad. This course assumes you already have experience working with Xcode and building iOS apps. You will start out by...

Full description

Bibliographic Details
Main Author: Welch, Keith (Author)
Corporate Author: Safari, an O'Reilly Media Company
Format: eBook
Language:English
Published: Infinite Skills, 2014.
Edition:1st edition.
Subjects:
Online Access:Connect to this electronic resource

MARC

Tag First Indicator Second Indicator Subfields
LEADER 00000ugm a2200000 a 4500
001 in00004248921
005 20260129161850.8
006 m o d
007 cr cn
008 151114s2014 xx v eng
020 |z 9781771373166 
035 |a (CaSebORM)9781771373166 
040 |d UtOrBLW 
041 0 |a eng 
100 1 |a Welch, Keith,  |e author. 
245 1 0 |a Mastering iOS Development - Location Services /  |c Welch, Keith. 
250 |a 1st edition. 
264 1 |b Infinite Skills,  |c 2014. 
300 |a 1 online resource (1 video file, approximately 60 min.) 
336 |a two-dimensional moving image  |b tdi  |2 rdacontent 
337 |a computer  |b c  |2 rdamedia 
338 |a online resource  |b cr  |2 rdacarrier 
347 |a video file 
520 |a In this Mastering iOS Development - Location Services training course, expert author Keith Welch demonstrates and explains how to work with iOS 8 location services for the iPhone and iPad. This course assumes you already have experience working with Xcode and building iOS apps. You will start out by learning the different options for mapping locations and how to get the user's current location. You will learn about displaying a map and creating a map that zooms. Keith will teach you how to provide turn-by-turn directions, calculate the distance, and switch from road to satellite views. Finally, this video tutorial will teach you how to create reminders and location based reminders. By the completion of this computer based training course, you will have gained the necessary knowledge and skills needed to work with location services while building your iOS apps using Xcode. Working files are included, allowing you to follow along with the author throughout the lessons. 
533 |a Electronic reproduction.  |b Boston, MA :  |c Safari,  |n Available via World Wide Web. 
538 |a Mode of access: World Wide Web. 
542 |f Copyright © Infinite Skills 
588 |a Online resource; Title from title screen (viewed November 10, 2014) 
500 |a Videorecording. 
655 7 |a Electronic videos.  |2 local 
710 2 |a Safari, an O'Reilly Media Company. 
856 4 0 |u https://proxy.library.tamu.edu/login?url=https://go.oreilly.com/TAMU/library/view/-/9781771373166/?ar  |z Connect to this electronic resource  |t 0 
999 f f |s e657b8c9-c37d-3d6c-ba3e-cdc09d7e9407  |i e9927dbf-9641-3527-b81f-3dd3260f76f7  |t 0 
952 f f |a Texas A&M University  |b College Station  |c Electronic Resources  |s www_evans  |d Available Online  |t 0  |h No information provided 
998 f f |t 0  |l Available Online